Les 20 villes les plus peuplées des Hauts-de-Seine (92) - Statistiques

Statistiques générales
  • Ce quiz a été pris 176 fois
  • Le résultat moyen est 13 sur 20
Statistiques - réponses
HINT HINT ANSWER % Correct
98 119 N Nanterre
94%
120 205 B Boulogne-Billancourt
93%
90 692 C Colombes
81%
67 695 I Issy-les-Moulineaux
73%
81 945 C Courbevoie
72%
91 457 A Asnières-sur-Seine
71%
68 412 L Levallois-Perret
71%
80 842 R Rueil-Malmaison
70%
64 026 A Antony
69%
56 882 C Clamart
69%
59 200 N Neuilly-sur-Seine
68%
65 102 C Clichy
66%
50 874 G Gennevilliers
65%
44 198 P Puteaux
63%
46 273 M Montrouge
60%
48 932 S Suresnes
58%
46 722 M Meudon
55%
43 647 B Bagneux
51%
36 224 C Châtillon
50%
35 490 C Châtenay-Malabry
37%
Aucun quiz correspondant
Distribution des résultats
% des personnes avec chaque résultat
Percentile par nombre de réponses
Votre historique - résultats
Vous n’avez pas pris ce quiz